| 000 | 00772cam a22002651 4500 | ||
|---|---|---|---|
| 001 | sa 64003559 | ||
| 003 | DLC | ||
| 005 | 20260227112018.0 | ||
| 008 | 870928s1962 pk 000 0 eng | ||
| 010 | _asa 64003559 | ||
| 025 | _aPL480:P-E-124 | ||
| 035 | _a(OCoLC)16766263 | ||
| 040 |
_aDLC _cWaU _dWaU _dDLC |
||
| 050 | 0 | 0 |
_aK3165 _b.A97 1962 |
| 100 | 1 | _aAziz, Khursheed Kamal. | |
| 245 | 1 | 0 | _aComparative constitutions. |
| 250 | _a2d rev. ed. | ||
| 260 |
_aLahore, _bM.R. Bros., _c1962. |
||
| 300 | _a1 v. (various pagings) | ||
| 650 | 0 |
_aConstitutional law _zGreat Britain. |
|
| 650 | 0 |
_aConstitutional law _zUnited States. |
|
| 650 | 0 |
_aConstitutional law _zSoviet Union. |
|
| 650 | 0 |
_aConstitutional law _zTurkey. |
|
| 650 | 0 |
_aConstitutional law _zPakistan. |
|
| 999 |
_c58004 _d58004 |
||